Moises el egipcio / (Record no. 87126)

MARC details
000 -LEADER
campo de control de longitud fija 00552nam a2200181 i 4500
001 - NÚMERO DE CONTROL
campo de control 87126
003 - IDENTIFICADOR DE NÚMERO DE CONTROL
campo de control ES-MaACL
005 - FECHA Y HORA DE LA ÚLTIMA TRANSACCIÓN
campo de control 20230906175611.0
007 - CAMPO FIJO DE DESCRIPCIÓN FÍSICA--INFORMACIÓN GENERAL
campo de control de longitud fija t|
008 - DATOS DE LONGITUD FIJA--INFORMACIÓN GENERAL
campo de control de longitud fija 041220s1968 sp ||||1| spa d
100 1# - ENTRADA PRINCIPAL--NOMBRE DE PERSONA
Nombre de persona Kodolanyi, János.
9 (RLIN) 68425
245 10 - MENCIÓN DEL TÍTULO
Título Moises el egipcio /
Mención de responsabilidad, etc. János Kodolanyi ; [traducción de Ditlinde B. Sommer, Alfonso Repiso].
260 ## - PUBLICACIÓN, DISTRIBUCIÓN, ETC.
Lugar de publicación, distribución, etc. Barcelona :
Nombre del editor, distribuidor, etc. Ferma,
Fecha de publicación, distribución, etc. [1968]
300 ## - DESCRIPCIÓN FÍSICA
Extensión 1005 p. ;
Dimensiones 22 cm.
700 1# - ENTRADA AGREGADA--NOMBRE PERSONAL
Nombre de persona Sommer, Ditlinde B.
9 (RLIN) 107268
700 1# - ENTRADA AGREGADA--NOMBRE PERSONAL
Nombre de persona Repiso, Alfonso.
9 (RLIN) 96270
852 ## - LOCALIZACIÓN
Ubicación ES-MaACL
Número de control de estantería C-34597
Sublocalización o colección R.67468
Holdings
Estatus retirado Estado de pérdida Estado de daño No para préstamo Biblioteca de origen Biblioteca actual Ubicación en estantería Fecha de adquisición Fuente de adquisición Total de préstamos Signatura topográfica completa Código de barras Visto por última vez Precio de reemplazo Tipo de ítem Koha
        Biblioteca del Ateneo de Madrid Biblioteca del Ateneo de Madrid Depósito 2 17/01/2008     C-34597 1091032 23/02/2023 23/02/2023 Libro impreso